Journal of corporate finance

Saved in:
Bibliographic Details
Format: Serial
Language:English
Published: Amsterdam Elsevier Science 2018
Tags: Add Tag
No Tags, Be the first to tag this record!

MARC

LEADER 00000nas2a2200000 4500
001 0242227
005 20230130133547.7
022 |a 0929-1199 
041 0 |a eng 
044 |a NL 
245 1 0 |a Journal of corporate finance 
264 1 |a Amsterdam  |b Elsevier Science  |c 2018 
773 0 |w eu_un_cat*s120121 
774 0 |w eu_un_cat*0290666